000 00707nam a2200241Ia 4500
003 OSt
005 20220704110442.0
008 210716s2017 xx 000 0 und d
020 _a9789384007287
040 _cAIMIT LIBRARY
041 _aeng
082 _a511.8
_21
_bCHAG
100 _aChartrand, Gary.
_946849
245 _aDiscrete mathematics /
_cBy Gary Chartrand and Ping Zhang.
250 _a1st ed.
260 _aNew Delhi :
_c2017.
_bMedtech ,
300 _axiii,671p. ;
_c24 cm.
650 _aMathematical induction
_946850
650 _aRelations and functions
_946851
650 _aAdvanced counting methods
_946852
700 _aZhang, Ping.
_946853
942 _2ddc
_cBK
_e1st
_k511.8 CHAG
999 _c195978
_d195978